00622nam a2200217 i 4500001001100000003000500011005001700016008004100033040002500074082001200099090001700111245004300128264007600171300002300247336002100270337002500291338002300316650003800339942001000377999001700387C2-0236985PPAK20180727200624.0011027s2000 my |||| ||||| | may d aPPAKbengcPPAKerda04a32022300a320bPOLdKK00aPolitik (Keratan Akhbar Koleksi Kedah) 1aAlor Setar, Kedah : bPerbadanan Perpustakaan Awam Kedah , c2000 (Mei) a85 pages ; c33 cm 2rdacontentatext 2rdamediaaunmediated 2rdacarrieravolume10aMalaysia- Politics and government ddccB c52711d52711